00000000nam##2200000za#4500
0019.658309
003CaOODSP
00520200401063036
007ta
008150407|1996||||xxc|||||     f|0| 0 eng|d
020 |a0-662-62248-0
040 |aCaOODSP|beng
041 |aeng
041 |afre
043 |an-cn---
0861 |aSE1-5/1-1993
1101 |aCanada.|bElections Canada. |bChief Electoral Officer of Canada.
24510|aCanada's electoral system: strengthening the foundation : |bannex to the report of the Chief Electoral Officer of Canada on the 35th general election / |cPublished by the Chief Electoral Officer of Canada.
260 |aOttawa - Ontario : |bElections Canada. |c1996.
300 |aEnglish text, vi, 98p. : |breferences ; |c28 cm.
500 |a"The objective of this report is to provide parliamentarians with a review of the Canada Elections Act, highlighting those areas in which modernization is required."--Introduction.
5203 |aThe objective of this report is to provide parliamentarians with a review of the Canada Elections Act, highlighting those areas in which modernization is required.--Introduction
546 |aBilingual
563 |aSoftcover
590 |a96-16|b1996-04-19
69007|aElectoral system|2gcpds
7760#|tLe système électoral du Canada - consolider les assises : |w(CaOODSP)9.641801
7760#|tCanada's electoral system - strengthening the foundation : |w(CaOODSP)9.697797
792 |tLe système électoral du Canada: consolider les assises : |efre|w(CaOODSP)9.658310